|
|
|
|
| LEADER |
01786cam a22004212c 4500 |
| 001 |
160103198X |
| 003 |
DE-627 |
| 005 |
20260422120801.0 |
| 007 |
tu |
| 008 |
850101s1969 xx ||||| 00| ||eng c |
| 020 |
|
|
|a 0713609346
|9 0-7136-0934-6
|
| 035 |
|
|
|a (DE-627)160103198X
|
| 035 |
|
|
|a (DE-576)00170172X
|
| 035 |
|
|
|a (DE-599)BSZ00170172X
|
| 035 |
|
|
|a (OCoLC)1050467925
|
| 035 |
|
|
|a (OCoLC)85981520
|
| 035 |
|
|
|a (OCoLC)00014209
|
| 035 |
|
|
|a (OCoLC)1050467925
|
| 040 |
|
|
|a DE-627
|b ger
|c DE-627
|e rakwb
|
| 041 |
|
|
|a eng
|
| 082 |
0 |
|
|a 937.06 UKD
|
| 082 |
0 |
|
|a 355/.00937
|
| 084 |
|
|
|a NH 8600
|2 rvk
|0 (DE-625)rvk/125817:
|
| 084 |
|
|
|a 15.28
|2 bkl
|
| 100 |
1 |
|
|a Webster, Graham
|d 1913-2001
|0 (DE-588)119140144
|0 (DE-627)079935435
|0 (DE-576)163494754
|4 aut
|
| 245 |
1 |
4 |
|a The Roman imperial army
|b of the 1st and 2nd centuries a. D.
|c Graham Webster
|
| 246 |
3 |
0 |
|a first second
|
| 264 |
|
1 |
|a London
|b Black
|c 1969
|
| 300 |
|
|
|a 330 S.
|b Ill., Kt.
|
| 336 |
|
|
|a Text
|b txt
|2 rdacontent
|
| 337 |
|
|
|a ohne Hilfsmittel zu benutzen
|b n
|2 rdamedia
|
| 338 |
|
|
|a Band
|b nc
|2 rdacarrier
|
| 787 |
0 |
8 |
|i Rezensiert in
|a Alföldy, Géza, 1935 - 2011
|t [Rezension von: Graham Webster, The Roman imperial army of the first and second centuries a. D.]
|d Kevelaer, Rhld. : Verlag Butzon & Berker, 1969
|w (DE-627)1771602767
|
| 936 |
r |
v |
|a NH 8600
|b Militärgeschichte
|k Geschichte
|k Griechisch-römische Geschichte
|k Römische Geschichte
|k Teilbereiche der römischen Geschichte
|k Militärgeschichte
|0 (DE-627)1271456893
|0 (DE-625)rvk/125817:
|0 (DE-576)201456893
|
| 936 |
b |
k |
|a 15.28
|j Römisches Reich
|q coli-conc RVK->BK
|q https://coli-conc.gbv.de/api/mappings/77b3c911-9246-4695-977a-b939ee41f58d
|0 (DE-627)106405128
|
| 951 |
|
|
|a BO
|
| 991 |
|
|
|a Rezensiertes Werk
|
| 999 |
|
|
|a KXP-PPN160103198X
|e 4977314212
|